<?xml version="1.0" encoding="UTF-8"?>
<marc:record xmlns:marc="http://www.loc.gov/MARC21/slim">
   <marc:leader>00000nam a2200000 a 4500</marc:leader>
   <marc:datafield ind1="1" ind2=" " tag="100">
      <marc:subfield code="a">Daenen, Frank</marc:subfield>
      <marc:subfield code="4">aut</marc:subfield>
      <marc:subfield code="e">Verfasser/-in</marc:subfield>
   </marc:datafield>
   <marc:datafield ind1=" " ind2=" " tag="653">
      <marc:subfield code="a">Sterben</marc:subfield>
   </marc:datafield>
   <marc:datafield ind1=" " ind2=" " tag="653">
      <marc:subfield code="a">Trauerarbeit</marc:subfield>
   </marc:datafield>
   <marc:datafield ind1=" " ind2=" " tag="653">
      <marc:subfield code="a">Trennung (Themen- und problemorientierte Bilderbücher für Kinder)</marc:subfield>
   </marc:datafield>
   <marc:datafield ind1=" " ind2=" " tag="653">
      <marc:subfield code="a">Großeltern</marc:subfield>
   </marc:datafield>
   <marc:datafield ind1="0" ind2="0" tag="245">
      <marc:subfield code="a">Heiße Milch mit Honig</marc:subfield>
   </marc:datafield>
   <marc:datafield ind1="0" ind2="0" tag="245">
      <marc:subfield code="b">Eine Geschichte, die wärmt und tröstet</marc:subfield>
   </marc:datafield>
   <marc:datafield ind1=" " ind2="1" tag="264">
      <marc:subfield code="b">Bohem</marc:subfield>
      <marc:subfield code="c">2021</marc:subfield>
   </marc:datafield>
   <marc:datafield ind1="1" ind2=" " tag="520">
      <marc:subfield code="a">Seitenweise 2021 Die Leere, die nach dem Verlust einer geliebten Person entsteht, kann nicht so leicht gefüllt werden. Trauer ist eine einschneidende Erfahrung, die Kleiner Bär machen muss, als Großer Bär nach dem Winterschlaf nicht mehr da ist. Einfühlsam gestaltet der niederländische Künstler die innige Anteilnahme von Freund*innen. Der Schmerz kann zwar nicht aufgelöst werden, doch die liebevolle Unterstützung erleichtert die Trauerbewältigung, bis es schrittweise wieder ins normale Leben - und damit auch zurück zum Lachen geht. Es zeigt aber ebenso, dass Glück und Trauer manchmal nicht weit voneinander entfernt liegen; und dass eine heiße Milch mit Honig manchmal genau das Richtige ist, um sich an liebe Verstorbene zu erinnern. *STUBE*</marc:subfield>
   </marc:datafield>
   <marc:datafield ind1=" " ind2=" " tag="020">
      <marc:subfield code="a">9783959392006</marc:subfield>
      <marc:subfield code="9">9783959392006</marc:subfield>
   </marc:datafield>
</marc:record>
